Intercultural Variation in Academic Discourse: Theme Zones and the Build-Up of Coherence in Research Articles
Definícia tematických zón a ich skúmanie vo výskumných článkoch. Porovnanie tematizácie v Česku a v anglofónnych krajinách.
Gespeichert in:
| 1. Verfasser: | |
|---|---|
| Weitere Verfasser: | , , |
| Format: | Buchkapitel |
| Sprache: | Englisch |
| Schlagworte: | |
| Tags: |
Keine Tags, Fügen Sie das erste Tag hinzu!
|
MARC
| LEADER | 00000naa a2200000 4500 | ||
|---|---|---|---|
| 001 | 0262578 | ||
| 005 | 20200224124831.6 | ||
| 041 | 0 | |a eng | |
| 044 | |a SK | ||
| 245 | 1 | 0 | |a Intercultural Variation in Academic Discourse: Theme Zones and the Build-Up of Coherence in Research Articles |c Irena Hůlková, Olga Dontcheva-Navratilova, Renata Jančaříková, Josef Schmied |
| 520 | |a Definícia tematických zón a ich skúmanie vo výskumných článkoch. Porovnanie tematizácie v Česku a v anglofónnych krajinách. | ||
| 610 | 2 | 0 | |a výskum |
| 610 | 2 | 0 | |a články |
| 610 | 2 | 0 | |a angličtina |
| 610 | 2 | 0 | |a jazyky cudzie |
| 610 | 2 | 0 | |a jazyk materinský |
| 100 | 1 | |a Hůlková, Irena | |
| 700 | 1 | |a Dontcheva-Navratilova, Olga | |
| 700 | 1 | |a Jančaříková, Renata | |
| 700 | 1 | |a Schmied, Josef | |